Managing financial institutions : (Record no. 15882)

000 -LEADER
fixed length control field 00560cam a2200193 a 4500
020 ## - INTERNATIONAL STANDARD BOOK NUMBER
ISBN 0030326885 (alk. paper)
040 ## - CATALOGING SOURCE
Transcribing agency DLC
082 00 - DEWEY DECIMAL CLASSIFICATION NUMBER
Classification number 332 DRY 1991 A078 Or.
100 1# - MAIN ENTRY--AUTHOR NAME
Personal name Gardner, Mona J.
245 10 - TITLE STATEMENT
Title Managing financial institutions :
Remainder of title an asset/liability approach /
250 ## - EDITION STATEMENT
Edition statement 2nd ed.
260 ## - PUBLICATION, DISTRIBUTION, ETC. (IMPRINT)
Place of publication Chicago :
Name of publisher Dryden Press,
Year of publication c1991.
300 ## - PHYSICAL DESCRIPTION
Number of Pages xviii, 910 p. :
Other physical details ill., map ;
Dimensions 24 cm.
650 #0 - SUBJECT ADDED ENTRY--TOPICAL TERM
Topical Term Asset-liability management.
650 #0 - SUBJECT ADDED ENTRY--TOPICAL TERM
Topical Term Risk management.
650 #0 - SUBJECT ADDED ENTRY--TOPICAL TERM
Topical Term Financial institutions
700 1# - ADDED ENTRY--PERSONAL NAME
Personal name Mills, Dixie L.
942 ## - ADDED ENTRY ELEMENTS (KOHA)
Koha item type សៀវភៅភាសាអង់គ្លេស
952 ## - LOCATION AND ITEM INFORMATION (KOHA)
Withdrawn status [LOCAL, KOHA] 0
Holdings
Permanent Location Date acquired Koha item type Lost status Shelving location Barcode Current Location Full call number
Library Block A2017-12-15សៀវភៅភាសាអង់គ្លេស A078A13014Library Block A332 DRY 1991 A078 Or.
មជ្ឈមណ្ឌលឯការនៃសាកលវិទ្យាល័យភូមិន្ទកសិកម្មចំការដូង

Powered by Koha